01445nam a2200349 a 4500001001000000003000900010005001700019007000300036008004100039040002500080082002900105110003300134240001800167245017900185264004500364300003300409336002800442337003500470338003100505500007400536504002800610590002600638650004000664650002900704651006600733651004700799700006100846910003700907942001400944952012200958999001501080000005016DO-SdBNP20260331144343.0ta090729s1980 dr 000 0 spa d aDO-SdBNPbspacBNPHU 4a343.015bR426c, 19802222 aRepública Dominicana.944710a[Leyes, etc.]10aCódigo de justicia de las Fuerzas Armadas :bleyes que lo modifican y lo complementan (con notas de jurisprudencia) /cpreparado y anotado por Eugenio José Peláez Ruiz. aSanto Domingo :bEditora Cacique,c1980. axxii, 141páginas ;c23 cm. atextobtxt2rdacontent  asin mediación bn2rdamedia  avolumen bnc2rdacarrier  aIncluye referencias bibliográficas y notas al pie de las páginas. aBibliografía : p. 141 aInventariado, 2018/VM 4aLeyeszRepública Dominicana93033 4aDelitos militares914457 4aRepública DominicanaxFuerzas ArmadasxLegislación914456 4aRepública DominicanaxLey 3483-539144581 aPeláez Ruiz, Eugenio José,ecompilador9144594comp. aValidado. Control de calidad EMS 2ddccLBS1 00102ddc51708PDaBNPHUbBNPHUcHDd2009-07-29oBNPHU PD 343.015 R426c 1980p5016-10r2020-06-25w2020-06-25yLBS1 c4822d4822